000 004500000a22001570004500
041 0 _aSPA
082 0 4 _aG 268.83 C2773s
245 1 0 _aSendas para jóvenes : Una guía a aventura, entrenamiento, y servicio para varones adolescentes
260 _aSan José, Costa Rica : Caribe
300 _a200 Pag
001 8076
942 _cBK
999 _c38273
_d38273
336 _atexto
_btxt
_2rdacontent
337 _2rdamedia
_asin mediación
_bn
338 _2rdacarrier
_avolumen
_bnc